000
00254nam a22001217a 4500
003
SGT
082
_a
080
_b
I02G
100
_a
GHOSE. ARUNA
245
_a
ALLUSTRATED GUIDE TO INDIA
260
_b
PENGUIN INDIA BOOK
_c
2002
300
_a
824
942
_2
ddc
_c
BK
999
_c
31458
_d
31458